Periodic Table #1 of 2 - Elements that don't end in "-IUM" - Statistics

General Stats
  • This quiz has been taken 191 times
    162 since last reset
  • The average score is 28 of 39
Answer Stats
Atomic Number Element % Correct
79 Gold
90%
1 Hydrogen
90%
5 Boron
89%
8 Oxygen
88%
7 Nitrogen
86%
47 Silver
86%
6 Carbon
85%
9 Fluorine
82%
10 Neon
82%
29 Copper
81%
26 Iron
81%
17 Chlorine
79%
18 Argon
77%
82 Lead
77%
35 Bromine
75%
53 Iodine
75%
54 Xenon
75%
30 Zinc
75%
25 Manganese
73%
50 Tin
73%
27 Cobalt
72%
36 Krypton
71%
16 Sulfur
70%
33 Arsenic
69%
80 Mercury
69%
15 Phosphorus
69%
74 Tungsten
69%
14 Silicon
68%
51 Antimony
66%
28 Nickel
66%
86 Radon
65%
85 Astatine
64%
83 Bismuth
59%
117 Tennessine
55%
118 Oganesson
54%
78 Platinum
54%
57 Lanthanum
48%
73 Tantalum
47%
42 Molybdenum
42%
No matching quizzes found
Score Distribution
Percent of People with Each Score
Percentile by Number Answered
Your Score History
You have not taken this quiz since the last reset